000 00306nam a2200121Ia 4500
008 191201s2012 xx 000 0 und d
100 _aBHOOSHAN, Sunil
245 0 _aFundamentals of Engineering Electromagnetics
260 _aN. Delhi
_bOxford
_c2012
300 _a582
650 _aB.Tech(ECE)
942 _2ddc
_cBK
999 _c97
_d97